000 00373nam a2200145Ia 4500
008 230711s9999||||xx |||||||||||||| ||und||
041 _aENG
082 _a677
_bCO-T
100 _aCorbman,Bernard P
245 0 _aTextile fiber to febric
250 _a6th Ed.
260 _c1983
_aNew Delhi
_bTata McGraw Hill Education Limited
650 _aTextile Engineering
942 _cBK
999 _c3614
_d3614